Phylogeny of the genera and families of zeiform fishes, with comments on their relationships with tetraodontiforms and caproids
Gardado en:
| Autor Principal: | |
|---|---|
| Outros autores: | , |
| Formato: | Libro |
| Idioma: | inglés |
| Publicado: |
Washington, D.C, USA
Smithsonian Institution
2003
|
| Series: | Smithsonian Contribution to Zoology.
618 |
| Subjects: | |
| Tags: |
Engadir etiqueta
Sen Etiquetas, Sexa o primeiro en etiquetar este rexistro!
|
MARC
| LEADER | 00000nam a2200000 a 4500 | ||
|---|---|---|---|
| 001 | UCM9846 | ||
| 003 | CL-VaPUC | ||
| 005 | 20250103085256.0 | ||
| 008 | 030523e20030000US |||||||||||||||||eng|d | ||
| 999 | |c 303931 |d 303929 | ||
| 040 | |c Pontificia Universidad Católica de Valparaíso | ||
| 082 | 0 | 4 | |a 597.64 TYL 2003 |2 21 |
| 100 | 0 | |a Tyler, James C |9 476442 | |
| 245 | 1 | 0 | |a Phylogeny of the genera and families of zeiform fishes, with comments on their relationships with tetraodontiforms and caproids |
| 260 | 0 | 3 | |a Washington, D.C, USA |b Smithsonian Institution |c 2003 |
| 300 | |a 110 páginas | ||
| 490 | 0 | |a Smithsonian Contribution to Zoology. |v 618 | |
| 583 | |a last modification |c 20030523 00:00:00 |k Rodrigo Vera | ||
| 650 | 7 | |a PECES |2 CL-VaPUC |9 476445 | |
| 650 | 0 | |a Zeiformes |9 476446 | |
| 650 | 0 | |a Filogenia |9 382996 | |
| 700 | 0 | |a O'Toole, Bruce |9 476443 | |
| 700 | 0 | |a Winterbottom, Richard |9 476444 | |
| 942 | |c BK |2 ddc | ||
| 945 | |d 20030523 00:00:00 |a cmena | ||